00680nam a2200229 a 4500001001300000003000900013005001700022008004100039020001000080082001900090245003500109260005000144300000900194500003500203505001500238650001500253710003300268902000800301942000700309952011900316999001500435nice12345678IN_TiNIC20260116011655.0050524s1904 lona grp 000 0 eng  ac10000a294.59218bCLS aSelections from the Upanishads aLondon & MadrasbChristian Lit. Societyc1904 a112p aincludes index and biblioraphy2 aGlo. Index aUpanishads2 aChristian Literature Society bSRS cBK 001040708StackRoom-aHMIbHMId2007-07-26g100.00l0o294.59218 CLSp08842r2007-07-26v100.00w2005-05-24yBK c3314d3314